01148nam a2200277 a 4500001001000000003000900010005001700019008003600036020001800072040002500090082002900115100003000144245005300174260007200227300002100299490011300320500006400433504007300497504003300570600006100603650003900664650002900703651005200732700003200784710005400816000043274DO-SdBNP20230721110245.0140303s 2009 sp 000 0 spa d a9788483470992 aDO-SdBNPbspacBPMSU 4aRD864.08bB742J 20092221 a Bosch, Juan, d1909-200110aJuan Bosch /cedición de Pablo A. Maríñez. aMadrid :bAgencia Española de Cooperación Internacional,c2009. a273 p. ;c24 cm.0 aAntología del pensamiento político, social y económico de América latina ;aCiencia y humanismo,v24 aIncluye datos biográficos del autor en la contracubierta  aIncluye referencias bibliográficas y notas al pie de las páginas aBibliografía : p. 263- 27314aBosch, Juan d1909-2001xPensamiento político y social 4aEnsayos dominicanos vColecciones  aSociología histórica 4aAmérica Latina vAspectos sociopolíticos2 1 aMaríñez, Pablo A.,eed.2 aAgencia Española de Cooperación Internacional